Countries that "Passed" the Square Test - Statistics

General Stats
  • This quiz has been taken 16 times
  • The average score is 6 of 9
Answer Stats
Answer % Correct
Angola
81%
Egypt
81%
Libya
75%
Sudan
75%
Nigeria
69%
Ivory Coast
63%
Equatorial Guinea
50%
Montenegro
50%
Suriname
38%
No matching quizzes found
Score Distribution
Percent of People with Each Score
Percentile by Number Answered
Your Score History
You have not taken this quiz